Central Library OPAC University of Rajshahi

Directions of change : (Record no. 34101)

MARC details
000 -LEADER
fixed length control field 01243nam a2200325 a 4500
001 - CONTROL NUMBER
control field 34101
003 - CONTROL NUMBER IDENTIFIER
rucl marc code BD-RjUL
005 - DATE AND TIME OF LATEST TRANSACTION
control field 20211209052115.0
008 - FIXED-LENGTH DATA ELEMENTS--GENERAL INFORMATION
fixed length control field 140514s1981 cou b 101 0 eng
020 ## - INTERNATIONAL STANDARD BOOK NUMBER
International Standard Book Number 0865312230 :
035 ## - SYSTEM CONTROL NUMBER
System control number (BD-RjUL)34195
040 ## - CATALOGING SOURCE
Original cataloging agency DLC
Transcribing agency DLC
Modifying agency DLC
-- BD-RjUL
Language of cataloging eng
041 ## - LANGUAGE CODE
Language code of text/sound track or separate title eng
082 00 - DEWEY DECIMAL CLASSIFICATION NUMBER
Classification number 303.4
Edition number 19
Author mark and year DIR 1981
245 00 - TITLE STATEMENT
Title Directions of change :
Remainder of title modernization theory, research, and realities /
Statement of responsibility, etc. edited by Mustafa O. Attir, Burkart Holzner, and Zdenek Suda.
260 ## - PUBLICATION, DISTRIBUTION, ETC. (IMPRINT)
Place of publication, distribution, etc. Boulder, Colo. :
Name of publisher, distributor, etc. Westview Press,
Date of publication, distribution, etc. 1981.
300 ## - PHYSICAL DESCRIPTION
Pagination xviii, 276 p. ;
Size 24 cm.
490 0# - SERIES STATEMENT
Series statement A Westview special study
500 ## - GENERAL NOTE
General note A collection of essays originating from an international sociological conference held in Brussels, Belgium, December 1978.
504 ## - BIBLIOGRAPHY, ETC. NOTE
Bibliography, etc Includes bibliographies and index.
650 #0 - SUBJECT ADDED ENTRY--TOPICAL TERM
Topical term or geographic name as entry element Social change
General subdivision Congresses.
9 (RLIN) 102860
Topical term or geographic name as entry element Industrialization
General subdivision Social aspects
-- Congresses.
9 (RLIN) 103662
Topical term or geographic name as entry element Economic development
General subdivision Social aspects
-- Congresses.
9 (RLIN) 8036
700 1# - ADDED ENTRY--PERSONAL NAME
Personal name Attir, Mustafa O.
Personal name Holzner, Burkart.
Personal name Suda, Zdenek.
942 ## - ADDED ENTRY ELEMENTS (KOHA)
Source of classification or shelving scheme Dewey Decimal Classification
Koha item type Books
Holdings
Lost status Source of classification or shelving scheme Damaged status Not for loan Collection code Permanent Location Current Location Shelving location Date acquired Source of acquisition Total Checkouts Full call number Date last seen Copy number Koha item type
  Dewey Decimal Classification   Not For Loan Non-fiction Central Library, University of Rajshahi Central Library, University of Rajshahi Reading Room 20/08/1986 Asia foundation   303.4 DIR 1981 14/05/2014 C-1 Books